[Event "Bergen Grand Prix 2019"]
[Site "Bergen"]
[Date "2019.11.15"]
[Round "1.8"]
[White "Dale, Svein"]
[Black "Myagmarsuren, Evsuld"]
[Result "1/2-1/2"]
[WhiteElo "1787"]
[BlackElo "1471"]
[Annotator "NA RC"]
[PlyCount "66"]
[EventDate "2019.11.15"]
[EventType "swiss"]
[EventCountry "NOR"]
[SourceTitle "playchess.com"]
[Source "ChessBase"]
[SourceQuality "1"]
[TimeControl "40/5400:1800"]

1. e4 {[%emt 0:00:03]} c5 {[%emt 0:00:40]} 2. d4 {[%emt 0:00:03]} cxd4 {[%emt 0:00:51]} 3. c3 {[%emt 0:00:08]} dxc3 {[%emt 0:00:58]} 4. Nxc3 {[%emt 0:00:13]} e6 {[%emt 0:01:20]} 5. Nf3 {[%emt 0:00:19]} Nc6 {[%emt 0:02:05]} 6. Bc4 {[%emt 0:01:14]} Bc5 {[%emt 0:01:26]} 7. O-O {[%emt 0:02:28]} Nge7 {[%emt 0:02:43]} 8. Bg5 {[%emt 0:04:20]} O-O {[%emt 0:02:17]} 9. Rc1 {[%emt 0:03:59]} h6 {[%emt 0:05:25]} 10. Bh4 {[%emt 0:04:12]} d6 {[%emt 0:02:08]} 11. Qe2 {[%emt 0:05:58]} e5 {[%emt 0:05:45]} 12. Rfd1 {[%emt 0:02:40]} Bg4 {[%emt 0:01:11]} 13. Nd5 {[%emt 0:08:45]} g5 {[%emt 0:11:47]} 14. Nf6+ {[%emt 0:03:07]} Kg7 {[%emt 0:04:49]} 15. Nxg4 {[%emt 0:00:42]} gxh4 {[%emt 0:00:39]} 16. Nfxe5 {[%emt 0:03:36]} Nxe5 {[%emt 0:07:46]} 17. Nxe5 {[%emt 0:00:05]} Ng6 {[%emt 0:00:28]} 18. Nxg6 {[%emt 0:10:30]} fxg6 {[%emt 0:01:40]} 19. Rf1 {[%emt 0:01:11]} Qb6 {[%emt 0:01:29]} 20. Rc2 {[%emt 0:03:54]} Rf6 {[%emt 0:14:23]} 21. Kh1 {[%emt 0:01:14]} Raf8 {[%emt 0:02:14]} 22. f3 {[%emt 0:01:33]} g5 {[%emt 0:00:48]} 23. e5 {[%emt 0:02:14]} dxe5 {[%emt 0:01:57]} 24. Qxe5 {[%emt 0:01:05]} g4 {[%emt 0:03:52]} 25. fxg4 {[%emt 0:07:27]} Qd6 {[%emt 0:00:18]} 26. Qe1 {[%emt 0:03:25]} Bb4 {[%emt 0:05:56]} 27. Rxf6 {[%emt 0:07:11]} Rxf6 {[%emt 0:00:28]} 28. Qe2 {[%emt 0:02:54]} h3 {[%emt 0:01:30]} 29. Rc1 {[%emt 0:01:21]} hxg2+ {[%emt 0:00:33]} 30. Qxg2 {[%emt 0:00:23]} Qc6 {[%emt 0:00:26]} 31. Qxc6 {[%emt 0:01:49]} Rxc6 {[%emt 0:00:08]} 32. Rc2 {[%emt 0:00:36]} Kf6 {[%emt 0:00:14]} 33. Kg2 {[%emt 0:00:24]} Ke5 {[%emt 0:00:21]} 1/2-1/2

[Event "Bergen Grand Prix 2019"]
[Site "Bergen"]
[Date "2019.11.15"]
[Round "1.9"]
[White "Jacobsen, Hans-Henry"]
[Black "Jonsbu, Egil"]
[Result "1-0"]
[WhiteElo "1646"]
[BlackElo "1465"]
[Annotator "NA RC"]
[PlyCount "85"]
[EventDate "2019.11.15"]
[EventType "swiss"]
[EventCountry "NOR"]
[SourceTitle "playchess.com"]
[Source "ChessBase"]
[SourceQuality "1"]
[TimeControl "40/5400:1800"]

1. c4 {[%emt 0:00:03]} c5 {[%emt 0:00:17]} 2. Nc3 {[%emt 0:00:12]} Nc6 {[%emt 0:00:20]} 3. g3 {[%emt 0:00:06]} g6 {[%emt 0:00:31]} 4. Bg2 {[%emt 0:00:06]} Bg7 {[%emt 0:00:08]} 5. Nf3 {[%emt 0:00:10]} e6 {[%emt 0:01:43]} 6. Rb1 {[%emt 0:02:00]} Nge7 {[%emt 0:00:24]} 7. a3 {[%emt 0:00:49]} d5 {[%emt 0:01:59]} 8. cxd5 {[%emt 0:02:03]} exd5 {[%emt 0:00:45]} 9. O-O {[%emt 0:01:19]} O-O {[%emt 0:00:34]} 10. d3 {[%emt 0:00:24]} Re8 {[%emt 0:01:36]} 11. Bg5 {[%emt 0:00:45]} h6 {[%emt 0:02:59]} 12. Bd2 {[%emt 0:00:33]} b6 {[%emt 0:03:15]} 13. Qc1 {[%emt 0:02:09]} d4 {[%emt 0:02:05]} 14. Na4 {[%emt 0:00:12]} Bb7 {[%emt 0:05:11]} 15. Bxh6 {[%emt 0:00:17]} Qd7 {[%emt 0:01:27]} 16. Bxg7 {[%emt 0:00:22]} Kxg7 {[%emt 0:00:08]} 17. b4 {[%emt 0:01:25]} Nxb4 {[%emt 0:04:15]} 18. axb4 {[%emt 0:00:22]} Qxa4 {[%emt 0:00:34]} 19. bxc5 {[%emt 0:00:08]} Rac8 {[%emt 0:00:17]} 20. Ra1 {[%emt 0:00:39]} Qd7 {[%emt 0:01:01]} 21. Rxa7 {[%emt 0:00:31]} Rxc5 {[%emt 0:01:40]} 22. Qb2 {[%emt 0:00:28]} Qc8 {[%emt 0:07:37]} 23. Nxd4 {[%emt 0:10:22]} f6 {[%emt 0:05:34]} 24. Rxb7 {[%emt 0:01:13]} g5 {[%emt 0:12:37]} 25. Qxb6 {[%emt 0:00:32]} Re5 {[%emt 0:04:02]} 26. Rb1 {[%emt 0:09:08]} Qg4 {[%emt 0:05:45]} 27. h3 {[%emt 0:02:24]} Qh5 {[%emt 0:00:52]} 28. g4 {[%emt 0:03:25]} Qg6 {[%emt 0:03:55]} 29. Qd6 {[%emt 0:01:16]} Kf8 {[%emt 0:02:08]} 30. Ne6+ {[%emt 0:00:24]} Rxe6 {[%emt 0:03:10]} 31. Qxe6 {[%emt 0:00:14]} Nc8 {[%emt 0:01:26]} 32. Qc4 {[%emt 0:01:16]} Ne7 {[%emt 0:02:16]} 33. Rc7 {[%emt 0:01:55]} f5 {[%emt 0:02:57]} 34. Rbb7 {[%emt 0:01:44]} fxg4 {[%emt 0:01:19]} 35. Qxg4 {[%emt 0:01:03]} Qg7 {[%emt 0:01:45]} 36. Bc6 {[%emt 0:00:36]} Qa1+ {[%emt 0:00:34]} 37. Kg2 {[%emt 0:00:20]} Qe5 {[%emt 0:00:57]} 38. Bxe8 {[%emt 0:00:35]} Nd5 {[%emt 0:00:36]} 39. Qf3+ {[%emt 0:00:59]} Nf4+ {[%emt 0:00:11]} 40. Kh2 {[%emt 0:01:38]} Qxe8 {[%emt 0:00:03]} 41. e3 {[%emt 0:30:27]} Kg8 {[%emt 0:30:50]} 42. exf4 {[%emt 0:00:25]} gxf4 {[%emt 0:00:04]} 43. Rg7+ {[%emt 0:00:27]} 1-0

[Event "Bergen Grand Prix 2019"]
[Site "Bergen"]
[Date "2019.11.15"]
[Round "1.10"]
[White "Olsen, Geir M"]
[Black "Sorhus, Jostein"]
[Result "0-1"]
[WhiteElo "1704"]
[BlackElo "1630"]
[Annotator "NA RC"]
[PlyCount "86"]
[EventDate "2019.11.15"]
[EventType "swiss"]
[EventCountry "NOR"]
[SourceTitle "playchess.com"]
[Source "ChessBase"]
[SourceQuality "1"]
[TimeControl "40/5400:1800"]

1. d4 {[%emt 0:00:03]} Nf6 {[%emt 0:00:23]} 2. Nc3 {[%emt 0:00:14]} d5 {[%emt 0:00:38]} 3. Bf4 {[%emt 0:00:07]} g6 {[%emt 0:01:13]} 4. e3 {[%emt 0:00:10]} a6 {[%emt 0:01:58]} 5. Bd3 {[%emt 0:00:37]} Bg7 {[%emt 0:01:20]} 6. h4 {[%emt 0:00:21]} h5 {[%emt 0:03:02]} 7. Nf3 {[%emt 0:00:15]} Bg4 {[%emt 0:02:19]} 8. Qd2 {[%emt 0:00:22]} Bxf3 {[%emt 0:01:47]} 9. gxf3 {[%emt 0:00:14]} c5 {[%emt 0:06:47]} 10. dxc5 {[%emt 0:04:30]} Qa5 {[%emt 0:05:55]} 11. O-O-O {[%emt 0:01:57]} Qxc5 {[%emt 0:03:19]} 12. Kb1 {[%emt 0:00:52]} b5 {[%emt 0:07:49]} 13. Be5 {[%emt 0:07:32]} Nc6 {[%emt 0:04:53]} 14. f4 {[%emt 0:07:07]} Rd8 {[%emt 0:05:01]} 15. Qe1 {[%emt 0:08:24]} Nxe5 {[%emt 0:04:22]} 16. fxe5 {[%emt 0:00:21]} Ng4 {[%emt 0:00:35]} 17. f4 {[%emt 0:11:03]} Qxe3 {[%emt 0:05:20]} 18. Qd2 {[%emt 0:04:18]} Qxd2 {[%emt 0:00:44]} 19. Rxd2 {[%emt 0:00:17]} e6 {[%emt 0:01:21]} 20. Ne2 {[%emt 0:02:52]} O-O {[%emt 0:01:12]} 21. Nd4 {[%emt 0:00:55]} Rfe8 {[%emt 0:02:34]} 22. Rg1 {[%emt 0:01:10]} Bh6 {[%emt 0:04:14]} 23. Rf1 {[%emt 0:04:07]} Nxe5 {[%emt 0:01:01]} 24. Be2 {[%emt 0:01:56]} Ng4 {[%emt 0:02:49]} 25. Rd3 {[%emt 0:01:46]} Rc8 {[%emt 0:01:55]} 26. Ra3 {[%emt 0:05:16]} Bg7 {[%emt 0:03:35]} 27. Bxg4 {[%emt 0:06:08]} hxg4 {[%emt 0:01:28]} 28. Ne2 {[%emt 0:01:54]} Rc6 {[%emt 0:00:32]} 29. Ng3 {[%emt 0:02:06]} Bf8 {[%emt 0:03:02]} 30. Re3 {[%emt 0:01:27]} Rcc8 {[%emt 0:03:02]} 31. h5 {[%emt 0:01:13]} Kg7 {[%emt 0:00:33]} 32. Rh1 {[%emt 0:01:42]} Bd6 {[%emt 0:00:41]} 33. Ne2 {[%emt 0:02:05]} Rc4 {[%emt 0:00:33]} 34. hxg6 {[%emt 0:01:05]} fxg6 {[%emt 0:00:34]} 35. Nc3 {[%emt 0:02:26]} d4 {[%emt 0:00:12]} 36. Rd3 {[%emt 0:00:55]} Bxf4 {[%emt 0:00:48]} 37. Ne2 {[%emt 0:00:21]} e5 {[%emt 0:00:14]} 38. Rg1 {[%emt 0:00:19]} g3 {[%emt 0:00:09]} 39. b3 {[%emt 0:00:26]} Rcc8 {[%emt 0:00:23]} 40. Nxf4 {[%emt 0:00:08]} exf4 {[%emt 0:00:14]} 41. Rxd4 {[%emt 0:30:33]} g5 {[%emt 0:30:20]} 42. Rd7+ {[%emt 0:00:00]} Kf6 {[%emt 0:00:00]} 43. Rd5 {[%emt 0:00:00]} Re2 {[%emt 0:00:00]} 0-1

[Event "Bergen Grand Prix 2019"]
[Site "Bergen"]
[Date "2019.11.15"]
[Round "1.11"]
[White "Tenfjord Engelsen, Teodor"]
[Black "Stensen, Vidar"]
[Result "1-0"]
[WhiteElo "1349"]
[BlackElo "1097"]
[Annotator "NA RC"]
[PlyCount "131"]
[EventDate "2019.11.15"]
[EventType "swiss"]
[EventCountry "NOR"]
[SourceTitle "playchess.com"]
[Source "ChessBase"]
[SourceQuality "1"]
[TimeControl "40/5400:1800"]

1. d4 {[%emt 0:00:01]} d5 {[%emt 0:00:13]} 2. Nc3 {[%emt 0:00:03]} e6 {[%emt 0:01:01]} 3. Bf4 {[%emt 0:00:06]} Bd7 {[%emt 0:01:05]} 4. e3 {[%emt 0:00:13]} Bb4 {[%emt 0:00:50]} 5. Bd3 {[%emt 0:00:14]} Bxc3+ {[%emt 0:00:28]} 6. bxc3 {[%emt 0:00:07]} Nf6 {[%emt 0:01:10]} 7. Ne2 {[%emt 0:00:38]} Nc6 {[%emt 0:01:00]} 8. O-O {[%emt 0:00:53]} O-O {[%emt 0:02:01]} 9. c4 {[%emt 0:01:24]} Re8 {[%emt 0:00:50]} 10. Rb1 {[%emt 0:00:56]} b6 {[%emt 0:00:49]} 11. cxd5 {[%emt 0:00:32]} exd5 {[%emt 0:00:35]} 12. c4 {[%emt 0:00:14]} Be6 {[%emt 0:01:35]} 13. Qc2 {[%emt 0:00:35]} Qd7 {[%emt 0:03:20]} 14. Rfc1 {[%emt 0:02:28]} Rac8 {[%emt 0:04:14]} 15. f3 {[%emt 0:03:32]} dxc4 {[%emt 0:05:51]} 16. Bxc4 {[%emt 0:00:21]} Bxc4 {[%emt 0:04:00]} 17. Qxc4 {[%emt 0:00:16]} Na5 {[%emt 0:01:47]} 18. Qd3 {[%emt 0:03:09]} c6 {[%emt 0:02:02]} 19. Bg5 {[%emt 0:08:42]} Qe6 {[%emt 0:02:22]} 20. Rc2 {[%emt 0:02:25]} b5 {[%emt 0:00:47]} 21. Rbc1 {[%emt 0:08:30]} Nc4 {[%emt 0:01:18]} 22. e4 {[%emt 0:01:16]} h6 {[%emt 0:06:13]} 23. Bxf6 {[%emt 0:03:50]} Qxf6 {[%emt 0:00:52]} 24. a4 {[%emt 0:04:45]} a6 {[%emt 0:01:25]} 25. axb5 {[%emt 0:00:39]} cxb5 {[%emt 0:00:58]} 26. d5 {[%emt 0:01:50]} Rcd8 {[%emt 0:00:51]} 27. Ng3 {[%emt 0:02:15]} g6 {[%emt 0:01:21]} 28. Nf1 {[%emt 0:00:29]} Qe5 {[%emt 0:02:02]} 29. Nd2 {[%emt 0:00:51]} Rc8 {[%emt 0:04:12]} 30. Nxc4 {[%emt 0:01:47]} bxc4 {[%emt 0:02:12]} 31. Rxc4 {[%emt 0:00:24]} Rxc4 {[%emt 0:01:15]} 32. Qxc4 {[%emt 0:00:22]} a5 {[%emt 0:02:31]} 33. Qc3 {[%emt 0:02:41]} Qxc3 {[%emt 0:01:46]} 34. Rxc3 {[%emt 0:00:07]} a4 {[%emt 0:00:35]} 35. Kf2 {[%emt 0:00:43]} Kf8 {[%emt 0:01:20]} 36. Ke3 {[%emt 0:00:46]} Ra8 {[%emt 0:00:23]} 37. Ra3 {[%emt 0:00:10]} Ke7 {[%emt 0:00:43]} 38. Kd4 {[%emt 0:00:25]} f6 {[%emt 0:00:35]} 39. Ra2 {[%emt 0:02:14]} Kd6 {[%emt 0:01:40]} 40. f4 {[%emt 0:00:55]} h5 {[%emt 0:00:53]} 41. h3 {[%emt 0:31:33]} h4 {[%emt 0:30:27]} 42. e5+ {[%emt 0:00:15]} fxe5+ {[%emt 0:01:06]} 43. fxe5+ {[%emt 0:00:29]} Ke7 {[%emt 0:01:35]} 44. Ra3 {[%emt 0:00:36]} g5 {[%emt 0:00:40]} 45. Ke4 {[%emt 0:01:17]} Ra5 {[%emt 0:01:59]} 46. Kf5 {[%emt 0:01:57]} Rxd5 {[%emt 0:00:42]} 47. Rxa4 {[%emt 0:00:12]} Rd7 {[%emt 0:06:14]} 48. Rg4 {[%emt 0:00:24]} Rd2 {[%emt 0:01:59]} 49. Rxg5 {[%emt 0:00:28]} Rf2+ {[%emt 0:01:00]} 50. Kg6 {[%emt 0:00:05]} Ke6 {[%emt 0:02:01]} 51. Kh5 {[%emt 0:00:55]} Rf5 {[%emt 0:00:53]} 52. Rxf5 {[%emt 0:00:09]} Kxf5 {[%emt 0:00:24]} 53. Kxh4 {[%emt 0:00:10]} Kxe5 {[%emt 0:00:20]} 54. Kg5 {[%emt 0:00:09]} Ke6 {[%emt 0:00:39]} 55. h4 {[%emt 0:00:09]} Kf7 {[%emt 0:00:08]} 56. g4 {[%emt 0:00:09]} Kg7 {[%emt 0:00:17]} 57. h5 {[%emt 0:00:11]} Kh7 {[%emt 0:00:00]} 58. h6 {[%emt 0:00:00]} Kh8 {[%emt 0:00:00]} 59. Kh5 {[%emt 0:00:00]} Kh7 {[%emt 0:00:00]} 60. g5 {[%emt 0:00:00]} Kg8 {[%emt 0:00:00]} 61. g6 {[%emt 0:00:00]} Kh8 {[%emt 0:00:00]} 62. Kg5 {[%emt 0:00:00]} Kg8 {[%emt 0:00:00]} 63. Kf6 {[%emt 0:00:00]} Kh8 {[%emt 0:00:00]} 64. g7+ {[%emt 0:00:00]} Kg8 {[%emt 0:00:00]} 65. h7+ {[%emt 0:00:00]} Kxh7 {[%emt 0:00:00]} 66. Kf7 {[%emt 0:00:00]} 1-0

[Event "Bergen Grand Prix 2019"]
[Site "Bergen"]
[Date "2019.11.15"]
[Round "1.12"]
[White "Lunde, Vidar"]
[Black "Bu, Knut Steinar"]
[Result "0-1"]
[WhiteElo "1051"]
[BlackElo "1321"]
[Annotator "NA RC"]
[PlyCount "110"]
[EventDate "2019.11.15"]
[EventType "swiss"]
[EventCountry "NOR"]
[SourceTitle "playchess.com"]
[Source "ChessBase"]
[SourceQuality "1"]
[TimeControl "40/5400:1800"]

1. d4 {[%emt 0:00:06]} Nf6 {[%emt 0:00:05]} 2. Nc3 {[%emt 0:00:29]} e6 {[%emt 0:00:10]} 3. Bd2 {[%emt 0:01:05]} d5 {[%emt 0:00:44]} 4. Nf3 {[%emt 0:00:39]} b6 {[%emt 0:00:55]} 5. e3 {[%emt 0:02:19]} Bb7 {[%emt 0:00:43]} 6. Be2 {[%emt 0:03:26]} Be7 {[%emt 0:00:16]} 7. O-O {[%emt 0:01:05]} O-O {[%emt 0:01:19]} 8. a4 {[%emt 0:04:45]} a5 {[%emt 0:01:51]} 9. b3 {[%emt 0:09:27]} Nbd7 {[%emt 0:02:44]} 10. Bd3 {[%emt 0:01:56]} Ne4 {[%emt 0:00:46]} 11. Be1 {[%emt 0:03:14]} Bb4 {[%emt 0:01:54]} 12. Ne2 {[%emt 0:04:35]} Bd6 {[%emt 0:03:19]} 13. c3 {[%emt 0:05:31]} c5 {[%emt 0:04:03]} 14. Bxe4 {[%emt 0:04:40]} dxe4 {[%emt 0:00:18]} 15. Nd2 {[%emt 0:04:37]} cxd4 {[%emt 0:04:18]} 16. cxd4 {[%emt 0:06:42]} Rc8 {[%emt 0:02:45]} 17. Nc4 {[%emt 0:00:48]} Bb8 {[%emt 0:01:23]} 18. Qb1 {[%emt 0:03:30]} Nf6 {[%emt 0:05:45]} 19. h3 {[%emt 0:01:10]} Nd7 {[%emt 0:02:11]} 20. Bc3 {[%emt 0:00:20]} Qg5 {[%emt 0:02:19]} 21. Rd1 {[%emt 0:02:45]} Bd5 {[%emt 0:01:38]} 22. Bd2 {[%emt 0:00:59]} Bxc4 {[%emt 0:01:28]} 23. bxc4 {[%emt 0:01:16]} Rxc4 {[%emt 0:00:09]} 24. Nf4 {[%emt 0:01:37]} Bxf4 {[%emt 0:03:42]} 25. exf4 {[%emt 0:01:01]} Qd5 {[%emt 0:01:16]} 26. Be3 {[%emt 0:00:31]} Rfc8 {[%emt 0:01:32]} 27. Qb2 {[%emt 0:01:57]} Rc2 {[%emt 0:06:10]} 28. Qb5 {[%emt 0:04:59]} Qxb5 {[%emt 0:03:58]} 29. axb5 {[%emt 0:00:22]} Rb2 {[%emt 0:00:10]} 30. Rdb1 {[%emt 0:01:51]} Rcc2 {[%emt 0:01:23]} 31. Rc1 Rxc1+ {[%emt 0:01:28]} 32. Rxc1 {[%emt 0:01:02]} f5 {[%emt 0:03:16]} 33. Rc7 {[%emt 0:00:26]} Nf6 {[%emt 0:01:02]} 34. Rc6 {[%emt 0:00:23]} Nd5 {[%emt 0:00:21]} 35. Rxe6 {[%emt 0:00:17]} Rxb5 {[%emt 0:00:31]} 36. Re5 {[%emt 0:00:18]} Rb1+ {[%emt 0:00:56]} 37. Kh2 {[%emt 0:00:13]} Nxe3 {[%emt 0:01:06]} 38. fxe3 {[%emt 0:00:17]} g6 {[%emt 0:00:13]} 39. Kg3 {[%emt 0:00:51]} Kf7 {[%emt 0:00:59]} 40. d5 {[%emt 0:00:26]} Rb5 {[%emt 0:01:46]} 41. d6 {[%emt 0:08:09]} Rxe5 {[%emt 0:00:17]} 42. fxe5 {[%emt 0:00:14]} Ke6 {[%emt 0:00:13]} 43. Kf4 {[%emt 0:00:39]} a4 {[%emt 0:00:49]} 44. Kg5 {[%emt 0:01:03]} a3 {[%emt 0:00:23]} 45. d7 {[%emt 0:00:08]} Kxd7 {[%emt 0:00:08]} 46. Kf6 {[%emt 0:00:11]} Ke8 {[%emt 0:00:03]} 47. Kg7 {[%emt 0:09:14]} a2 {[%emt 0:00:09]} 48. Kxh7 {[%emt 0:00:17]} a1=Q {[%emt 0:00:47]} 49. Kxg6 {[%emt 0:00:55]} Qxe5 {[%emt 0:00:11]} 50. g4 {[%emt 0:00:55]} fxg4 {[%emt 0:00:14]} 51. hxg4 {[%emt 0:00:15]} Kf8 {[%emt 0:01:04]} 52. g5 {[%emt 0:00:11]} Kg8 {[%emt 0:00:45]} 53. Kh6 {[%emt 0:01:00]} Qf5 {[%emt 0:00:50]} 54. Kh5 {[%emt 0:00:38]} b5 {[%emt 0:00:43]} 55. Kh6 {[%emt 0:00:52]} Qh7# {[%emt 0:00:53]} 0-1

[Event "Bergen Grand Prix 2019"]
[Site "Bergen"]
[Date "2019.11.16"]
[Round "2.1"]
[White "Sorensen, Simen"]
[Black "Haldorsen, Benjamin"]
[Result "0-1"]
[WhiteElo "2004"]
[BlackElo "2443"]
[Annotator "TA"]
[PlyCount "86"]
[EventDate "2019.11.15"]
[EventType "swiss"]
[EventCountry "NOR"]
[SourceTitle "playchess.com"]
[Source "ChessBase"]
[SourceQuality "1"]

{[%evp 9,86,30,31,26,30,30,39,33,39,12,11,4,30,17,7,0,2,3,5,0,12,0,10,10,8,10,0,0,12,-55,-50,-52,-48,-39,-49,-66,-60,-61,-79,-162,-187,-166,-152,-117,-79,-108,-49,-66,-77,-78,-78,-92,-81,-241,-222,-537,-540,-883,-874,-865,-844,-771,-557,-552,-546,-546,-542,-550,-550,-550,-549,-550,-546,-554,-540,-563,-558,-524,-500]} 1. d4 d5 2. Nf3 Nf6 3. c4 e6 4. Nc3 a6 5. cxd5 exd5 6. Bg5 {D37: Queen's Gambit Declined: 5 Bf4} Be6 7. e3 Nbd7 8. Bd3 {White is slightly better.} Bd6 (8... c6 9. Qb3 Qb6 10. Qxb6 Nxb6 11. Bxf6 gxf6 12. Nh4 a5 13. O-O-O Bb4 {1-0 (40) So,W (2767)-Demchenko,A (2655) Khanty-Mansiysk 2019}) 9. Rc1 c6 10. O-O Qb8 11. Bh4 O-O 12. Bg3 Bg4 13. Qc2 Bxg3 $146 ({Predecessor:} 13... a5) 14. hxg3 Re8 15. Ne2 Bh5 16. Nf4 Bg6 17. Nxg6 hxg6 18. Ng5 Qd6 19. Nxf7 (19. Qb3 $11) 19... Kxf7 $15 20. Bxg6+ Kg8 21. Bxe8 Rxe8 22. Qf5 Ne4 {[%mdl 1024] Black has compensation.} 23. Qf4 $1 Qe6 24. Qc7 (24. f3 $17 g5 25. Qc7) 24... Nd6 $19 25. Rfe1 {[#]} Rc8 $1 $36 {[%cal Rc8c7][%mdl 2048] Keeping White busy.} 26. Qa5 Nf6 {[%cal Bd7f6,Bf6h7,Bh7g5,Bg5e4,Be4f2][%mdl 32]} 27. f3 {[#]} Rf8 (27... Nh5 $1 $17 {[%cal Rh5g3]} 28. Kf2 Rf8) 28. g4 Nh7 29. Qd2 Ng5 {...Rxf3! is the strong threat.} 30. Qe2 Qh6 31. f4 $2 (31. Rf1 $17 {is a better defense.}) 31... Nge4 {And now ...Ng3 would win.} 32. g3 $2 (32. Qf3 {was the crucial defense.}) 32... Qh3 {Black is clearly winning.} 33. Qh2 Qxg4 34. Kg2 Nf5 35. Qh3 Qxh3+ 36. Kxh3 Nf2+ 37. Kg2 Nd3 $1 {[%csl LRb2,LRc1,LRe1][%mdl 64] Double Attack} 38. Rcd1 Nxe1+ 39. Rxe1 Re8 40. Kf2 Kf7 41. g4 Nd6 42. Kf3 Rh8 43. Re2 Kf6 {Accuracy: White = 45%, Black = 78%.} 0-1

[Event "Bergen Grand Prix 2019"]
[Site "Bergen"]
[Date "2019.11.16"]
[Round "2.2"]
[White "Fossan, Petter"]
[Black "Flasen, Aleksander"]
[Result "1-0"]
[WhiteElo "2315"]
[BlackElo "1949"]
[Annotator "TA"]
[PlyCount "107"]
[EventDate "2019.11.15"]
[EventType "swiss"]
[EventCountry "NOR"]
[SourceTitle "playchess.com"]
[Source "ChessBase"]
[SourceQuality "1"]

{[%evp 23,106,-31,0,-11,-15,-24,-8,-38,0,-35,13,16,21,14,8,12,65,52,166,166,142,160,155,155,336,328,324,246,292,298,331,324,356,350,342,330,463,468,464,462,465,461,465,461,449,445,512,497,542,538,550,550,543,543,543,543,640,639,713,707,704,704,831,827,867,853,856,858,837,830,808,781,787,736,979,777,915,880,899,793,2072,1829,1760,1536,29999]} 1. e4 e5 2. Nf3 Nc6 3. Bb5 a6 4. Ba4 Nf6 5. Qe2 Be7 6. O-O O-O 7. c3 b5 8. Bb3 d6 9. d4 Bg4 10. d5 Na5 11. Bc2 c6 12. dxc6 Nxc6 13. Rd1 {C86: Closed Ruy Lopez: Worrall Attack} (13. h3 $5 {[%cal Rh3g4]} Be6 14. Rd1 $11) 13... Qc7 14. h3 Bh5 $146 ({Predecessor:} 14... Be6 15. Bg5 h6 16. Bxf6 Bxf6 {½-½ (48) Semenova,I (2261)-Ogloblina,L (2126) Belgorod 2008}) 15. Bg5 {The position is equal.} Rfd8 16. Nbd2 {[%cal Bb1d2,Bd2f1,Bf1e3,Be3d5][%mdl 32]} Rac8 17. Bb3 h6 18. Bxf6 Bxf6 19. Nf1 Na5 (19... Rb8 $11) 20. Ne3 $14 Bg6 ({Black should play} 20... Qb7 $14) 21. Nd5 $18 Qc6 22. Nxf6+ gxf6 23. Bd5 $36 {[%mdl 2048] Black is under strong pressure.} Qb6 $2 (23... Qd7 $16 24. Nh4 Kh7) 24. Nh4 Kg7 25. a3 Nc6 26. Qg4 Qc7 27. Nf5+ Kh7 28. Bxc6 Qxc6 29. Ne7 {[%mdl 64] [#] Double Attack} Qc5 (29... h5 {is a better defense.}) 30. Rd5 Qc7 {aiming for ...h5.} 31. Nxc8 Rxc8 32. Rad1 Rd8 33. R1d2 Qe7 34. Qh4 Qe6 35. f3 Qe7 36. g4 Kg7 37. Qf2 Qc7 38. Qe3 h5 39. Qd3 hxg4 40. hxg4 Qa7+ 41. Kg2 Rh8 42. Rxd6 Qa8 43. Qd5 Qa7 44. Rd8 Rxd8 45. Qxd8 {[%mdl 4096] Endgame KQR-KQB} Qe3 46. Qd3 Qg5 47. Re2 Qh6 48. Qe3 Qh8 49. Rd2 Qb8 50. Qc5 Qh8 51. Rd6 Qh6 52. Rd8 {[#] Intending Qf8+ and mate.} Kh7 53. Qf8 {[%csl Gd8][%cal Rf8h8]} Qh5 54. Qh8# {Accuracy: White = 85%, Black = 15%.} 1-0

[Event "Bergen Grand Prix 2019"]
[Site "Bergen"]
[Date "2019.11.16"]
[Round "2.3"]
[White "Fossan, Benjamin"]
[Black "Fossan, Aleksander"]
[Result "0-1"]
[WhiteElo "1942"]
[BlackElo "2179"]
[Annotator "TA"]
[PlyCount "30"]
[EventDate "2019.11.15"]
[EventType "swiss"]
[EventCountry "NOR"]
[SourceTitle "playchess.com"]
[Source "ChessBase"]
[SourceQuality "1"]

{[%evp 9,124,-16,-13,-16,-12,-26,-27,-22,-12,-44,-37,-46,-39,-45,-47,-36,-47,-54,-46,-116,-109,-88,-100,-105,-93,-95,-90,-142,-128,-204,-173,-181,-136,-287,-284,-295,-112,-112,-114,-160,-87,-288,-243,-300,-295,-413,-411,-372,-326,-472,-477,-772,-265,-366,-150,-352,-185,-163,-177,-212,-164,-183,-171,-223,-200,-294,-237,-536,-527,-542,-166,-160,-159,-158,-157,-162,-164,-159,-143,-140,-140,-139,-138,-141,-137,-156,-156,-171,-169,-735,-722,-1095,-1104,-923,-902,-532,-470,-1572,-989,-3427,-2599,-29970,-29970,-8989,-5413,-29979,-29980,-29980,-29981,-29983,-29984,-29984,-29985,-29989,-29990,-29991,-29992]} 1. e4 c5 2. Nf3 Nf6 3. e5 Nd5 4. c4 Nb6 (4... Nc7 5. Be2 g6 6. O-O Bg7 7. d4 cxd4 8. Qxd4 Nc6 9. Qe4 d6 10. exd6 Qxd6 11. Nc3 Bf5 12. Qh4 e5 {1-0 (39) Gunina,V (2502)-Gretarsson,H (2565) chess.com INT 2018}) 5. b4 d6 $146 ({Predecessor:} 5... cxb4 6. d4 d6 7. Be2 Nc6 8. exd6 exd6 9. O-O Be7 10. d5 Nb8 11. Qc2 Bd7 {0-1 (37) Ragueneau,Y (1414)-Diaz Comas,J (1923) Figueres 2011}) 6. exd6 {B29: Sicilian: 2 Nf3 Nf6 (Nimzowitsch Variation)} exd6 7. bxc5 dxc5 8. Be2 {Black has an edge.} Be7 9. Bb2 O-O 10. O-O Nc6 11. d3 Bf6 12. Bxf6 Qxf6 13. Nbd2 Bf5 14. Nb3 (14. Re1 $15) 14... Na4 $1 $17 15. Qd2 h6 {Played: Ra8-d8} 0-1